[Event "European Individual Championship (Women)"]
[Site "Mamaia ROU"]
[Date "2016.05.27"]
[EventDate "2016.05.27"]
[Round "1.14"]
[Result "0-1"]
[White "Maria Manakova"]
[Black "Inna Gaponenko"]
[WhiteElo "2254"]
[BlackElo "2415"]
[PlyCount "68"]

1. e4 c5 2. Nf3 d6 3. Bb5+ Nd7 4. d4 cxd4 5. Nxd4 Nf6 6. O-O
g6 7. Re1 Bg7 8. Bf1 O-O 9. c4 b6 10. Nc3 Bb7 11. b3 a6
12. Bb2 Re8 13. Qd2 e6 14. f3 Qc7 15. Rac1 Rad8 16. b4 Qb8
17. Nb3 d5 18. exd5 exd5 19. Rxe8+ Rxe8 20. Nxd5 Nxd5 21. Bxg7
Kxg7 22. cxd5 Qd6 23. b5 a5 24. Qc3+ Nf6 25. Bc4 Kg8 26. Rd1
a4 27. Nd4 Qc5 28. Kh1 Nxd5 29. Qd3 Re3 30. Qf1 Nc3 31. Rd2
Qxc4 32. Qc1 Rd3 33. Rxd3 Qxd3 34. Nc6 Qd1+ 0-1

[Event "European Individual Championship (Women)"]
[Site "Mamaia ROU"]
[Date "2016.05.27"]
[EventDate "2016.05.27"]
[Round "1.20"]
[Result "1-0"]
[White "Zeinab Mamedjarova"]
[Black "Corina-Isabela Peptan"]
[WhiteElo "2236"]
[BlackElo "2402"]
[PlyCount "79"]

1. d4 Nf6 2. c4 e6 3. Nc3 Bb4 4. e3 c5 5. Ne2 cxd4 6. exd4 d5
7. a3 Bxc3+ 8. Nxc3 Nc6 9. c5 O-O 10. Be2 e5 11. dxe5 Nxe5
12. Bf4 Re8 13. O-O Bf5 14. Nb5 Ne4 15. Rc1 a6 16. Nd4 Ng6
17. Be3 Be6 18. Qb3 Qe7 19. Rfd1 Ne5 20. Nxe6 fxe6 21. f3 Nf6
22. Qc3 Nc6 23. b4 e5 24. a4 d4 25. Qb3+ Kh8 26. Bg5 h6
27. Bh4 e4 28. b5 Na5 29. Qb4 d3 30. Bf1 axb5 31. axb5 exf3
32. Rxd3 g5 33. Be1 b6 34. Rxf3 bxc5 35. Qb2 Rf8 36. Bc3 Kg7
37. Ra1 c4 38. b6 Kg6 39. b7 Ng4 40. Qc2+ 1-0

[Event "European Individual Championship (Women)"]
[Site "Mamaia ROU"]
[Date "2016.05.28"]
[EventDate "2016.05.27"]
[Round "2.9"]
[Result "1-0"]
[White "Inna Gaponenko"]
[Black "Gulnar Mammadova"]
[WhiteElo "2415"]
[BlackElo "2319"]
[PlyCount "157"]

1. e4 e6 2. d4 d5 3. Nd2 Nf6 4. e5 Nfd7 5. Bd3 c5 6. c3 Nc6
7. Ne2 cxd4 8. cxd4 f6 9. exf6 Nxf6 10. Nf3 Bd6 11. O-O Qc7
12. Nc3 a6 13. Be3 O-O 14. Rc1 Bd7 15. Na4 Be8 16. Nc5 Bxc5
17. Rxc5 Bh5 18. Be2 Qd6 19. h3 Rae8 20. Rc1 Ne4 21. Ng5 Bxe2
22. Nxe4 dxe4 23. Qxe2 Rf7 24. Rfd1 Nb4 25. Qg4 Qd5 26. Rc5
Qxa2 27. Qxe4 b6 28. Re5 Rff8 29. Rc1 Nd5 30. Rc6 Nxe3
31. Qxe3 Qa1+ 32. Qc1 Qa4 33. Rxb6 Qxd4 34. Qe3 Rd8 35. Qxd4
Rxd4 36. Rexe6 Rd1+ 37. Kh2 Rxf2 38. Rb7 Rdd2 39. Re8+ Rf8
40. Ree7 Rff2 41. Rxg7+ Kf8 42. b4 h5 43. Rg5 Rb2 44. Ra7 Ra2
45. b5 axb5 46. Rxa2 Rxa2 47. Rxb5 h4 48. Rb4 Kg7 49. Rxh4 Kg6
50. Rb4 Kh5 51. h4 Ra1 52. Kh3 Rh1+ 53. Kg3 Ra1 54. Rb5+ Kh6
55. Rf5 Ra4 56. Rf4 Ra2 57. Kh3 Kg6 58. g3 Ra3 59. Kg4 Ra6
60. h5+ Kh6 61. Kh4 Ra1 62. Rf6+ Kg7 63. Kg5 Rg1 64. h6+ Kh7
65. g4 Ra1 66. Rf7+ Kg8 67. Kg6 Ra6+ 68. Rf6 Ra8 69. g5 Kh8
70. Rf5 Kg8 71. Kh5 Ra1 72. Rb5 Ra8 73. g6 Kh8 74. Rf5 Rb8
75. g7+ Kh7 76. Rf8 Rb5+ 77. Kg4 Rb4+ 78. Kf3 Rb3+ 79. Ke4 1-0

[Event "European Individual Championship (Women)"]
[Site "Mamaia ROU"]
[Date "2016.05.29"]
[EventDate "2016.05.27"]
[Round "3.6"]
[Result "1-0"]
[White "Ekaterina Polovnikova-Atalik"]
[Black "Evgenija Ovod"]
[WhiteElo "2408"]
[BlackElo "2329"]
[PlyCount "87"]

1. d4 d5 2. c4 e6 3. Nc3 Nf6 4. Nf3 c5 5. cxd5 Nxd5 6. e4 Nxc3
7. bxc3 cxd4 8. cxd4 Bb4+ 9. Bd2 Bxd2+ 10. Qxd2 O-O 11. Rc1 b6
12. Bd3 Bb7 13. O-O Nc6 14. d5 exd5 15. exd5 Ne7 16. d6 Ng6
17. Bxg6 Bxf3 18. Bf5 Bb7 19. Rc7 Ba6 20. Rd1 Bb5 21. Be4 Rc8
22. Rxa7 Bd7 23. h3 h6 24. Bd5 Kh7 25. Bb3 Rc5 26. Re1 Rg5
27. f4 Rg6 28. Bc2 f5 29. Re7 Be6 30. Qd4 Rff6 31. Rxe6 Rxe6
32. Bxf5 Rf6 33. Bxg6+ Rxg6 34. d7 b5 35. Qe4 Qb6+ 36. Kh2
Qxa7 37. d8=Q Qxa2 38. Qdd5 Qf2 39. Qxb5 Qg3+ 40. Kh1 Qh4
41. Qbe8 Qg3 42. Q4a8 Rf6 43. Qg8+ Kg6 44. Qae8+ 1-0

[Event "European Individual Championship (Women)"]
[Site "Mamaia ROU"]
[Date "2016.05.29"]
[EventDate "2016.05.27"]
[Round "3.30"]
[Result "1-0"]
[White "Olga Kalinina"]
[Black "Alina Balaian"]
[WhiteElo "2337"]
[BlackElo "2230"]
[PlyCount "59"]

1. e4 e6 2. d4 d5 3. Nc3 Bb4 4. Ne2 dxe4 5. a3 Bxc3+ 6. Nxc3
Nc6 7. Bb5 Ne7 8. Bg5 f6 9. Be3 f5 10. Qh5+ Ng6 11. O-O-O O-O
12. d5 exd5 13. Nxd5 Bd7 14. Bc5 Re8 15. f3 Qc8 16. Rhe1 Kh8
17. Qg5 a6 18. Bf1 Re5 19. f4 Re8 20. Re3 Be6 21. Rh3 Bf7
22. Bc4 Re6 23. Qxf5 Nd8 24. Qh5 h6 25. Bd4 Ne5 26. Qh4 Nxc4
27. Ne7 Bh5 28. Nxc8 Bxd1 29. Qxd8+ Kh7 30. Qxc7 1-0

[Event "European Individual Championship (Women)"]
[Site "Mamaia ROU"]
[Date "2016.05.29"]
[EventDate "2016.05.27"]
[Round "3.21"]
[Result "1-0"]
[White "Jolanta Zawadzka"]
[Black "Ulviyya Hasil Fataliyeva"]
[WhiteElo "2442"]
[BlackElo "2301"]
[PlyCount "119"]

1. e4 e6 2. d4 d5 3. Nc3 Bb4 4. Ne2 dxe4 5. a3 Be7 6. Nxe4 Nf6
7. Nxf6+ Bxf6 8. Be3 b6 9. Qd2 Bb7 10. O-O-O O-O 11. Nf4 Nd7
12. d5 e5 13. Nh5 Be7 14. f4 Nf6 15. Nxf6+ Bxf6 16. f5 Qd6
17. g4 e4 18. Bc4 c6 19. g5 Be5 20. dxc6 Qxc6 21. Qe2 Rac8
22. Bb5 Qc7 23. Rd7 Qb8 24. Rhd1 Bc6 25. Bxc6 Rxc6 26. Qb5
Rcc8 27. Qd5 Bf4 28. Qxe4 Bxe3+ 29. Qxe3 Qxh2 30. c3 Rce8
31. Qd4 Re2 32. Qd3 Qf4+ 33. Kb1 Re3 34. Qc2 Qxg5 35. Rxa7 h5
36. Ka2 h4 37. Rh1 h3 38. Rh2 Rfe8 39. Rd7 Rg3 40. Rdd2 Qg4
41. Rd4 Qg5 42. Qa4 b5 43. Qxb5 Ree3 44. Rdd2 Rgf3 45. c4 Rxf5
46. Qd7 g6 47. Rc2 Qf4 48. Qd8+ Kg7 49. c5 Qa4 50. Qb6 Rff3
51. Qb4 Qc6 52. Qd4+ f6 53. Rhd2 Qe6+ 54. Qc4 Qxc4+ 55. Rxc4
Re8 56. c6 Rc8 57. c7 h2 58. Rxh2 Rd3 59. b4 Rd7 60. Rhc2 1-0

[Event "European Individual Championship (Women)"]
[Site "Mamaia ROU"]
[Date "2016.05.29"]
[EventDate "2016.05.27"]
[Round "3.38"]
[Result "0-1"]
[White "Monika Motycakova"]
[Black "Corina-Isabela Peptan"]
[WhiteElo "2170"]
[BlackElo "2402"]
[PlyCount "122"]

1. e4 e6 2. d4 d5 3. Nd2 c5 4. exd5 exd5 5. Ngf3 Nc6 6. Bb5
Bd6 7. dxc5 Bxc5 8. O-O Ne7 9. Nb3 Bd6 10. Nbd4 O-O 11. c3 Bg4
12. Qa4 Bd7 13. Bg5 f6 14. Bh4 a6 15. Be2 Bc5 16. Qd1 Re8
17. Re1 Bg4 18. Nb3 Bb6 19. Nfd4 Bxe2 20. Rxe2 Qd7 21. Rd2
Rad8 22. Bg3 Ne5 23. Qc2 N7c6 24. Rad1 Nc4 25. Re2 Nxd4
26. Nxd4 Bxd4 27. cxd4 Rxe2 28. Qxe2 Re8 29. Qc2 Qg4 30. f3
Qg6 31. Qxg6 hxg6 32. b3 Na3 33. Re1 Rxe1+ 34. Bxe1 Nb5
35. Bf2 Nc3 36. a4 Ne2+ 37. Kf1 Nc1 38. b4 Nd3 39. Be1 Nb2
40. a5 Kf7 41. Ke2 Ke6 42. g4 Kd7 43. Kd2 Kc6 44. Kc3 Nc4
45. Bg3 g5 46. h4 gxh4 47. Bxh4 Nd6 48. Bg3 Nf7 49. Bf4 Ng5
50. Bg3 Nxf3 51. Bf4 Ng5 52. Kc2 Ne6 53. Be3 Kb5 54. Kc3 Ka4
55. Bd2 Ng5 56. Be1 Ne4+ 57. Kb2 g6 58. Kc2 Ka3 59. Kd3 Kb3
60. Ke2 Kc4 61. Ke3 g5 0-1

[Event "European Individual Championship (Women)"]
[Site "Mamaia ROU"]
[Date "2016.05.29"]
[EventDate "2016.05.27"]
[Round "3.41"]
[Result "0-1"]
[White "Regina R Narva"]
[Black "Aydan Hojjatova"]
[WhiteElo "2019"]
[BlackElo "2300"]
[PlyCount "128"]

1. e4 e6 2. d4 d5 3. Nc3 Bb4 4. exd5 exd5 5. Bd3 Nf6 6. Ne2
O-O 7. O-O Re8 8. a3 Bd6 9. Bf4 Bxf4 10. Nxf4 Nc6 11. Bb5 Qd6
12. Qd2 Bf5 13. Nfe2 a6 14. Ng3 Bd7 15. Be2 Ne7 16. Rad1 Rad8
17. b4 b5 18. Ra1 c6 19. Nd1 Ng6 20. Ne3 Nf4 21. Bf3 g6 22. c3
h5 23. a4 Nh7 24. axb5 axb5 25. Ra6 Ng5 26. Bd1 h4 27. Ne2
Nxg2 28. Nc1 Nf4 29. Nd3 Bh3 30. Ne5 Ne4 31. Qc1 Qf6 32. Rxc6
Qg5+ 33. N3g4 Rxe5 34. f3 Ree8 35. fxe4 Bxg4 36. Qxf4 Qxf4
37. Rxf4 Bxd1 38. Rc7 Rc8 39. Rb7 Rb8 40. Rd7 Rbd8 41. Rb7 Rb8
42. Rd7 Red8 43. Re7 Rf8 44. exd5 Rbd8 45. Rc7 Bb3 46. Rc5
Rxd5 47. Rxh4 Re8 48. Kf2 Bc4 49. Rh3 Re2+ 50. Kf3 Rc2 51. Ke4
Re2+ 52. Kf3 Re1 53. Kf2 Rf1+ 54. Kg2 Rdf5 55. Rxf5 Rxf5
56. Re3 Kf8 57. Kg3 Be6 58. Re1 Ke7 59. Re3 Kd6 60. Kg2 Kd5
61. Kg3 Kc4 62. Kg2 Bd5+ 63. Kg3 Rf1 64. h4 Rc1 0-1

[Event "European Individual Championship (Women)"]
[Site "Mamaia ROU"]
[Date "2016.05.29"]
[EventDate "2016.05.27"]
[Round "3.46"]
[Result "1-0"]
[White "Turkan Mamedjarova"]
[Black "Andreea-Marioara Cosman"]
[WhiteElo "2257"]
[BlackElo "2101"]
[PlyCount "171"]

1. e4 c5 2. c3 d5 3. exd5 Qxd5 4. d4 Nc6 5. Nf3 Bg4 6. Be2
cxd4 7. cxd4 e6 8. O-O Nf6 9. Nc3 Qa5 10. h3 Bh5 11. a3 Bd6
12. Bd2 Qd8 13. Bg5 Be7 14. Be3 O-O 15. Rc1 h6 16. Qd2 Bd6
17. Rfd1 Ne7 18. Ne5 Bxe2 19. Qxe2 Ned5 20. Nxd5 Nxd5 21. Bd2
Qe7 22. Qg4 Nf6 23. Qf3 Rac8 24. Re1 Rfd8 25. Ng4 Nxg4
26. Qxg4 Rxc1 27. Bxc1 Qf6 28. Qe4 Rd7 29. Be3 Bc7 30. Rc1 Qd8
31. g3 Bb6 32. Rc4 Rc7 33. Rxc7 Qxc7 34. h4 Qd7 35. g4 Qd5
36. Qxd5 exd5 37. Kf1 f5 38. f3 Kf7 39. Ke2 fxg4 40. fxg4 Bd8
41. h5 Ke6 42. Bf4 Bf6 43. Kd3 Kd7 44. Bb8 a6 45. Be5 Ke6
46. Bf4 Kd7 47. Kc3 b5 48. b3 Be7 49. Be5 Bf8 50. a4 Ke6
51. Bc7 Kf6 52. Bd8+ Kf7 53. axb5 axb5 54. Bb6 b4+ 55. Kd3 Ke6
56. Ke3 Bd6 57. Kf3 Kf6 58. Bd8+ Ke6 59. Bh4 Bc7 60. Bg3 Bb6
61. Ke3 Bd8 62. Be5 Kf7 63. Bd6 Ba5 64. Kf4 Ke6 65. Be5 Kf7
66. Bb8 Kf6 67. Be5+ Kf7 68. Kf5 Bb6 69. Bd6 Bxd4 70. Bxb4 Bf6
71. Bc5 Ke8 72. b4 Kd7 73. b5 Kc7 74. Bf2 Kd6 75. Bg1 Bc3
76. Bh2+ Kc5 77. Be5 Bd2 78. Bxg7 Kxb5 79. Bf6 Kc4 80. g5 Bxg5
81. Bxg5 hxg5 82. h6 d4 83. h7 d3 84. h8=Q d2 85. Qh1 Kc3
86. Qd1 1-0

[Event "European Individual Championship (Women)"]
[Site "Mamaia ROU"]
[Date "2016.05.29"]
[EventDate "2016.05.27"]
[Round "3.48"]
[Result "1/2-1/2"]
[White "Laura Unuk"]
[Black "Svetlana Sucikova"]
[WhiteElo "2246"]
[BlackElo "2072"]
[PlyCount "195"]

1. d4 Nf6 2. c4 e6 3. Nf3 d5 4. g3 Be7 5. Bg2 O-O 6. O-O dxc4
7. Qc2 a6 8. a4 Bd7 9. Qxc4 Bc6 10. Bf4 Bd6 11. Qc1 Nbd7
12. Nc3 Bxf4 13. Qxf4 Bxf3 14. Qxf3 c6 15. a5 Qe7 16. Rfd1
Rfd8 17. e3 Nd5 18. Qe2 N7f6 19. Na4 Nd7 20. Qc4 Rab8 21. Rac1
Qg5 22. e4 N5f6 23. b4 h6 24. e5 Nd5 25. Bxd5 exd5 26. Qc3 Re8
27. f4 Qg4 28. Qd3 h5 29. Rf1 h4 30. f5 hxg3 31. hxg3 Nxe5
32. dxe5 Rxe5 33. Rf4 Qg5 34. Qf3 Rbe8 35. Qg4 Qh6 36. Qh4
Qxh4 37. gxh4 Re2 38. Nc5 R8e7 39. Rcf1 Rb2 40. f6 gxf6
41. Rg4+ Kh7 42. Rxf6 Re1+ 43. Rf1 Re7 44. Rf2 Rb1+ 45. Kg2
Kh6 46. Rf1 Rb2+ 47. Kg3 Re3+ 48. Rf3 Re7 49. Rf6+ Kh7 50. h5
Re3+ 51. Kh4 Rh2+ 52. Kg5 Re5+ 53. Kf4 Re7 54. Rf5 Kh6 55. Kg3
Ree2 56. Rf6+ Kxh5 57. Rf5+ Kh6 58. Rh4+ Rxh4 59. Kxh4 Kg6
60. Rf4 Re7 61. Kg4 f6 62. Rf1 Rh7 63. Ne6 f5+ 64. Kg3 Re7
65. Nc5 Kg5 66. Kf3 f4 67. Rg1+ Kf5 68. Rg8 Ke5 69. Rf8 Rh7
70. Re8+ Kd4 71. Rf8 Kc4 72. Rxf4+ d4 73. Ne6 Rd7 74. Ke2 Kc3
75. Nc5 Re7+ 76. Ne4+ Kxb4 77. Kd3 Kxa5 78. Kxd4 Kb6 79. Rf1
Rd7+ 80. Kc4 Kc7 81. Nc5 Rh7 82. Rd1 b5+ 83. Kb4 Rh4+ 84. Ka5
Rh2 85. Nxa6+ Kb7 86. Nc5+ Kc7 87. Rd7+ Kc8 88. Kb6 Rh6
89. Ra7 Kd8 90. Nb7+ Kd7 91. Na5+ Kd6 92. Rc7 Kd5 93. Nxc6 Kc4
94. Ka5 Rh5 95. Nb4+ Kb3 96. Rb7 Kc3 97. Rxb5 Rxb5+ 98. Kxb5
1/2-1/2

[Event "European Individual Championship (Women)"]
[Site "Mamaia ROU"]
[Date "2016.05.29"]
[EventDate "2016.05.27"]
[Round "3.17"]
[Result "1/2-1/2"]
[White "Nastassia Ziaziulkina"]
[Black "Salomeja Zaksaite"]
[WhiteElo "2396"]
[BlackElo "2312"]
[PlyCount "267"]

1. e4 c5 2. Nf3 Nc6 3. d4 cxd4 4. Nxd4 Nf6 5. Nc3 e5 6. Ndb5
d6 7. Bg5 a6 8. Na3 b5 9. Nd5 Be7 10. Bxf6 Bxf6 11. c3 O-O
12. Nc2 Bg5 13. a4 bxa4 14. Rxa4 a5 15. Bc4 Rb8 16. b3 Kh8
17. Nce3 g6 18. Ra2 f5 19. h4 Bxh4 20. exf5 Bxf5 21. Nxf5 Rxf5
22. g3 Bg5 23. Bd3 e4 24. Bxe4 Re5 25. Re2 Ne7 26. f4 Nxd5
27. fxe5 Nxc3 28. Reh2 Bh4 29. Rxh4 Qxh4 30. Rxh4 Nxd1
31. Kxd1 dxe5 32. Kc2 Kg7 33. Bd3 Rd8 34. Rc4 Kf6 35. Rc7 Rd4
36. Ra7 e4 37. Bc4 e3 38. Rf7+ Kg5 39. Re7 Rg4 40. Re5+ Kf6
41. Rxa5 Rxg3 42. Kd3 h5 43. Ra6+ Ke7 44. Re6+ Kd7 45. Rxe3
Rg1 46. b4 g5 47. b5 g4 48. Bd5 Kd6 49. Bc6 g3 50. Re2 h4
51. Bg2 Kc5 52. Rb2 Kb6 53. Ke3 Rc1 54. Kf4 Rc5 55. Bc6 Rc4+
56. Kf3 Rd4 57. Kg2 Rf4 58. Kh3 Rd4 59. Ra2 Rf4 60. Ra8 Rb4
61. Rg8 Kc7 62. Rg6 Kb6 63. Rh6 Rd4 64. Be8+ Kb7 65. Rh7+ Kb6
66. Bc6 Rb4 67. Rb7+ Kc5 68. Rg7 Kb6 69. Rg6 Kc7 70. Kg2 Rb2+
71. Kf3 Rb3+ 72. Kf4 Rb2 73. Ke3 Rb3+ 74. Kf4 Rb4+ 75. Ke5 Rb3
76. Rg7+ Kb6 77. Kd4 h3 78. Kc4 Rb1 79. Rxg3 h2 80. Rg6 Rc1+
81. Kb4 Rb1+ 82. Kc3 h1=Q 83. Bxh1+ Kxb5 84. Rg5+ Kb6 85. Be4
Rb5 86. Bd5 Rb1 87. Be4 Rb5 88. Rg6+ Kc7 89. Kd4 Rb6 90. Rg7+
Kd6 91. Bd5 Rb4+ 92. Bc4 Ra4 93. Rg6+ Ke7 94. Re6+ Kd7 95. Re1
Kd6 96. Re6+ Kd7 97. Rh6 Ke7 98. Re6+ Kd7 99. Re2 Kd6 100. Re1
Ra7 101. Re6+ Kd7 102. Ke5 Ra1 103. Bb5+ Kc7 104. Kd5 Rd1+
105. Kc5 Rc1+ 106. Bc4 Kd7 107. Rf6 Ke7 108. Rf7+ Ke8 109. Rh7
Kf8 110. Kd4 Re1 111. Bd5 Re7 112. Rh2 Kg7 113. Be4 Kf6
114. Rh6+ Kg7 115. Ra6 Kf7 116. Bd5+ Kg7 117. Be6 Kf6 118. Kd5
Rc7 119. Ra1 Ke7 120. Rf1 Kd8 121. Ra1 Ke7 122. Ke5 Rc5+
123. Bd5 Rc7 124. Rg1 Kd8 125. Rg3 Ke7 126. Bb3 Rc5+ 127. Bd5
Rc7 128. Rg6 Kd8 129. Bc6 Re7+ 130. Kd6 Rd7+ 131. Kc5 Rc7
132. Rg8+ Ke7 133. Kb6 Kf7 134. Bd5+ 1/2-1/2

[Event "European Individual Championship (Women)"]
[Site "Mamaia ROU"]
[Date "2016.05.30"]
[EventDate "2016.05.27"]
[Round "4.38"]
[Result "1-0"]
[White "Ulviyya Hasil Fataliyeva"]
[Black "Ekaterini Pavlidou"]
[WhiteElo "2301"]
[BlackElo "2209"]
[PlyCount "97"]

1. e4 e5 2. Nf3 Nc6 3. Nc3 g6 4. d4 exd4 5. Nxd4 Bg7 6. Be3
Nge7 7. Bc4 d6 8. f4 O-O 9. O-O Na5 10. Be2 f5 11. exf5 gxf5
12. Nf3 h6 13. Bd4 Be6 14. Bxg7 Kxg7 15. b4 Nac6 16. b5 Na5
17. Nd4 Bg8 18. Bd3 c5 19. bxc6 Qb6 20. Ne2 bxc6 21. Rb1 Qc5
22. Kh1 Rf6 23. Qe1 Re8 24. Ng3 Kf8 25. Nb5 Nc4 26. Nc7 Rc8
27. Rb7 Rxc7 28. Rxc7 Ne3 29. Rxe7 Kxe7 30. Rf3 Re6 31. Rxe3
Rxe3 32. Qxe3+ Qxe3 33. Nxf5+ Kd7 34. Nxe3 Bxa2 35. Kg1 d5
36. c3 a5 37. Bc2 c5 38. Kf2 Kd6 39. Nf5+ Kc6 40. Ba4+ Kb6
41. g4 d4 42. cxd4 c4 43. Ke3 Bb3 44. Bxb3 cxb3 45. Kd3 Kb5
46. Kc3 Ka4 47. Ne3 Ka3 48. Nc4+ Ka2 49. Nb2 1-0

[Event "European Individual Championship (Women)"]
[Site "Mamaia ROU"]
[Date "2016.05.30"]
[EventDate "2016.05.27"]
[Round "4.45"]
[Result "0-1"]
[White "Dina Drozdova"]
[Black "Mai Narva"]
[WhiteElo "2235"]
[BlackElo "2121"]
[PlyCount "70"]

1. d4 Nf6 2. c4 e6 3. Nc3 Bb4 4. e3 O-O 5. Ne2 Re8 6. a3 Bf8
7. e4 d5 8. e5 Nfd7 9. cxd5 exd5 10. b4 Nb6 11. g3 a5 12. b5
a4 13. Bg2 c6 14. O-O Ra5 15. Bd2 Ra8 16. h4 Bf5 17. Nf4 Nc4
18. Bc1 Qa5 19. Qf3 Nd7 20. Nfe2 Be6 21. Qd3 Ndb6 22. f4 Bg4
23. Bf3 Bxf3 24. Qxf3 Rad8 25. f5 c5 26. Bg5 cxd4 27. Bxd8
dxc3 28. Bg5 Nxe5 29. Qxc3 Qxb5 30. Ra2 Ng4 31. Qf3 Qb3
32. Rd2 Nc4 33. Rd3 Qc2 34. Qxg4 Qxd3 35. Nf4 Qxf1+ 0-1

[Event "European Individual Championship (Women)"]
[Site "Mamaia ROU"]
[Date "2016.05.30"]
[EventDate "2016.05.27"]
[Round "4.52"]
[Result "0-1"]
[White "Andreea-Marioara Cosman"]
[Black "Monika Motycakova"]
[WhiteElo "2101"]
[BlackElo "2170"]
[PlyCount "104"]

1. d4 Nf6 2. c4 e6 3. Nc3 Bb4 4. e3 O-O 5. Ne2 d5 6. a3 Be7
7. cxd5 exd5 8. g3 a5 9. Bg2 Na6 10. Nf4 c6 11. O-O Nc7
12. Qc2 Re8 13. Rd1 Bd6 14. f3 Ne6 15. Nxe6 Bxe6 16. Kh1 Bc7
17. e4 dxe4 18. fxe4 Bg4 19. Rd3 Bb6 20. Be3 Bh5 21. Rf1 Ng4
22. Bg1 Bg6 23. Rdd1 Qg5 24. Qb3 Bc7 25. e5 Rab8 26. Ne4 Qe7
27. Rf4 h5 28. Rdf1 Nh6 29. h3 Qe6 30. Qc3 Rbd8 31. Nc5 Qc8
32. b4 f6 33. Nxb7 Qxb7 34. Bxc6 Qc8 35. Bxe8 Qxh3+ 36. Bh2
Be4+ 37. Rxe4 Qxf1+ 38. Bg1 Rxe8 39. Re1 Qh3+ 40. Bh2 Ng4
41. Qd2 axb4 42. axb4 fxe5 43. Qg2 Qxh2+ 44. Qxh2 Nxh2
45. Kxh2 e4 46. Kg2 e3 47. Re2 Bb6 48. d5 Rd8 49. Kf3 Rxd5
50. Rc2 Rf5+ 51. Ke4 Rf2 52. Rc1 Rb2 0-1

[Event "European Individual Championship (Women)"]
[Site "Mamaia ROU"]
[Date "2016.05.30"]
[EventDate "2016.05.27"]
[Round "4.37"]
[Result "0-1"]
[White "Anna Rudolf"]
[Black "Khayala Abdulla"]
[WhiteElo "2301"]
[BlackElo "2209"]
[PlyCount "164"]

1. d4 Nf6 2. Nf3 e6 3. c4 b6 4. g3 Ba6 5. b3 Bb4+ 6. Bd2 Be7
7. Bg2 c6 8. Bc3 d5 9. Ne5 Nfd7 10. Nxd7 Nxd7 11. Nd2 O-O
12. O-O f5 13. Qc2 Rc8 14. a4 Bf6 15. Qb2 Qe7 16. b4 Bxc4
17. Nxc4 dxc4 18. e4 fxe4 19. Rfe1 c5 20. dxc5 bxc5 21. b5 Bd4
22. Bxd4 cxd4 23. Qxd4 Nc5 24. Qe3 Qf6 25. Ra2 Nd3 26. Rb1 c3
27. Bxe4 c2 28. Bxd3 cxb1=Q+ 29. Bxb1 g6 30. Be4 Rf7 31. Bc6
Rd8 32. Kg2 Qf5 33. a5 Rd6 34. Qe4 Qxe4+ 35. Bxe4 Rd4 36. Bc6
Rb4 37. Rd2 Kg7 38. f3 Kf6 39. Re2 Rb3 40. h4 Rc7 41. a6 Rb4
42. Kf2 h6 43. Kg2 g5 44. h5 e5 45. g4 Ke6 46. Rd2 Rd4 47. Rb2
Rd6 48. b6 Rcxc6 49. b7 Rb6 50. b8=Q Rxb8 51. Rxb8 Rxa6
52. Rb5 Ra4 53. Kf2 e4 54. fxe4 Rxe4 55. Kf3 Rf4+ 56. Kg3 Ra4
57. Rc5 Ra3+ 58. Kf2 a5 59. Rb5 a4 60. Ra5 Ra1 61. Kg2 a3
62. Ra6+ Ke5 63. Rxh6 Kf4 64. Ra6 Kxg4 65. h6 Ra2+ 66. Kg1 Kg3
67. Kf1 Ra1+ 68. Ke2 a2 69. h7 Rh1 70. Rxa2 Rxh7 71. Ra3+ Kg2
72. Ra4 Re7+ 73. Kd1 Kf3 74. Ra3+ Re3 75. Ra5 g4 76. Kd2 Re8
77. Rf5+ Kg2 78. Kd3 g3 79. Kd2 Kg1 80. Kd1 g2 81. Rf7 Re4
82. Kd2 Kh2 0-1

[Event "European Individual Championship (Women)"]
[Site "Mamaia ROU"]
[Date "2016.05.31"]
[EventDate "2016.05.27"]
[Round "5.31"]
[Result "1-0"]
[White "Daria Pustovoitova"]
[Black "Lanita Stetsko"]
[WhiteElo "2304"]
[BlackElo "2220"]
[PlyCount "79"]

1. d4 Nf6 2. c4 e6 3. Nf3 d5 4. g3 dxc4 5. Bg2 Nc6 6. Qa4 Bb4+
7. Bd2 Nd5 8. Bxb4 Nxb4 9. O-O Rb8 10. Nc3 a6 11. Ne5 O-O
12. Nxc6 Nxc6 13. Bxc6 bxc6 14. Qxc4 Rxb2 15. e3 Qd6 16. Rab1
Rxb1 17. Rxb1 e5 18. dxe5 Qxe5 19. Qxc6 Bd7 20. Qxd7 Qxc3
21. Qa4 h6 22. Qxa6 Rd8 23. Qb5 Qc2 24. Qb3 Qe2 25. Qa4 g6
26. Kg2 c5 27. Rc1 Rd2 28. Qe8+ Kg7 29. Qe5+ Kg8 30. Qb8+ Kg7
31. Qf4 Qh5 32. a4 Qd5+ 33. e4 Qd4 34. Rxc5 Qxc5 35. Qxd2 Qc4
36. Qb2+ Kh7 37. Qb7 Kg7 38. a5 h5 39. h3 h4 40. g4 1-0

[Event "European Individual Championship (Women)"]
[Site "Mamaia ROU"]
[Date "2016.05.31"]
[EventDate "2016.05.27"]
[Round "5.18"]
[Result "1/2-1/2"]
[White "Marina Nechaeva"]
[Black "Evgenija Ovod"]
[WhiteElo "2416"]
[BlackElo "2329"]
[PlyCount "180"]

1. d4 e6 2. c4 Bb4+ 3. Bd2 Bxd2+ 4. Qxd2 d5 5. Nc3 Nf6 6. e3
O-O 7. Nf3 Qe7 8. Rc1 dxc4 9. Bxc4 c5 10. O-O Nc6 11. Ne5 Bd7
12. Nxd7 Qxd7 13. d5 Rad8 14. Rfd1 Ne5 15. Qe2 Nxc4 16. Qxc4
b6 17. dxe6 Qxe6 18. Qxe6 fxe6 19. h3 Nd5 20. Ne4 h6 21. a3
Kf7 22. Kf1 e5 23. Ke2 Ke6 24. g3 Nf6 25. Nxf6 Rxd1 26. Rxd1
gxf6 27. e4 c4 28. Rd5 f5 29. f4 exf4 30. gxf4 fxe4 31. Re5+
Kf6 32. Rxe4 Rg8 33. Kf3 Rc8 34. Kg4 c3 35. bxc3 Rxc3 36. f5
h5+ 37. Kf4 Rxh3 38. Re6+ Kf7 39. Rh6 Rxa3 40. Rxh5 Ra1
41. Rh6 b5 42. Ke5 Re1+ 43. Kd5 a5 44. Rb6 b4 45. Kc4 Re4+
46. Kb3 Re3+ 47. Kb2 Re5 48. f6 Re6 49. Rb5 Ra6 50. Rf5 a4
51. Rb5 b3 52. Ka3 Kxf6 53. Rh5 Ra8 54. Rb5 Ke6 55. Rh5 Rc8
56. Rh4 Rb8 57. Rh1 Kd5 58. Rh5+ Kc6 59. Rh6+ Kb5 60. Rh5+ Kc4
61. Rh4+ Kd3 62. Rh3+ Ke2 63. Rh2+ Kf3 64. Rb2 Ra8 65. Rb1 Ra6
66. Rh1 Kf2 67. Rh2+ Kg3 68. Rb2 Kf3 69. Rh2 Ra7 70. Rh1 Kg2
71. Rb1 Ra6 72. Rb2+ Kg3 73. Rb1 Kf2 74. Rh1 Ke3 75. Rh3+ Kf4
76. Rh4+ Kf3 77. Rh1 Kf4 78. Rh4+ Ke3 79. Rh3+ Ke2 80. Rh2+
Kf1 81. Rh1+ Kf2 82. Rh2+ Kf3 83. Rh1 Rb6 84. Kxa4 b2 85. Rb1
Ke3 86. Ka3 Kd3 87. Rxb2 Ra6+ 88. Kb3 Rb6+ 89. Ka2 Rxb2+
90. Kxb2 Kc4 1/2-1/2

[Event "European Individual Championship (Women)"]
[Site "Mamaia ROU"]
[Date "2016.05.31"]
[EventDate "2016.05.27"]
[Round "5.55"]
[Result "1/2-1/2"]
[White "Meri Grigoryan"]
[Black "Andreea-Marioara Cosman"]
[WhiteElo "2016"]
[BlackElo "2101"]
[PlyCount "187"]

1. d4 Nf6 2. Nf3 c5 3. c3 b6 4. g3 Bb7 5. Bg2 e6 6. O-O Be7
7. Nbd2 O-O 8. b3 Ne4 9. Bb2 d6 10. Nxe4 Bxe4 11. Nd2 Bxg2
12. Kxg2 Nc6 13. e4 d5 14. e5 b5 15. f4 Qb6 16. Nf3 b4 17. Rc1
bxc3 18. Bxc3 Rac8 19. Bb2 c4 20. Rf2 Na5 21. Bc3 Bb4 22. Bxb4
Qxb4 23. bxc4 Nxc4 24. Qe1 Qa3 25. Kh3 Qd3 26. Rc3 Qf5+
27. Kg2 Rb8 28. Rfc2 Rb4 29. Nh4 Qh5 30. Rb3 Rbb8 31. Nf3 Qf5
32. Rbc3 h6 33. Nh4 Qh7 34. Nf3 Rb6 35. Nd2 Nxd2 36. Qxd2 Qe4+
37. Kh3 Kh7 38. Re3 Qf5+ 39. Kg2 Rfb8 40. Qd3 Qxd3 41. Rxd3
Ra6 42. Kf3 Kg6 43. Rdc3 Rb4 44. Rd2 Rba4 45. g4 f5 46. exf6
Kxf6 47. h4 Rxa2 48. Rdd3 Rh2 49. Kg3 Re2 50. Ra3 Ra2 51. Rac3
R2a4 52. g5+ Kg6 53. gxh6 gxh6 54. Kg4 h5+ 55. Kf3 Rc4
56. Rxc4 dxc4 57. Re3 Rc6 58. Ke2 Kf5 59. Re5+ Kxf4 60. Rxh5
Ke4 61. Rc5 Rd6 62. Rxc4 Rxd4 63. Rc6 e5 64. Ra6 Rd7 65. h5
Kf4 66. h6 Rh7 67. Ra4+ e4 68. Ra6 Rb7 69. Rf6+ Kg5 70. Ra6
Kf4 71. Rf6+ Ke5 72. Ra6 Rb2+ 73. Ke3 Rb3+ 74. Ke2 Rh3
75. Rxa7 Rxh6 76. Re7+ Kf5 77. Rf7+ Ke6 78. Ra7 Kd5 79. Ra5+
Kd4 80. Ra4+ Ke5 81. Ra8 Rf6 82. Ke3 Rf3+ 83. Ke2 Rb3 84. Re8+
Kf4 85. Rf8+ Kg5 86. Rg8+ Kf6 87. Rf8+ Ke5 88. Re8+ Kd4
89. Rd8+ Kc5 90. Rc8+ Kd6 91. Rd8+ Kc7 92. Re8 e3 93. Rxe3
Rxe3+ 94. Kxe3 1/2-1/2

[Event "European Individual Championship (Women)"]
[Site "Mamaia ROU"]
[Date "2016.06.01"]
[EventDate "2016.05.27"]
[Round "6.33"]
[Result "1-0"]
[White "Anna Styazhkina"]
[Black "Tereza Olsarova"]
[WhiteElo "2302"]
[BlackElo "2263"]
[PlyCount "65"]

1. e4 e5 2. Nf3 Nc6 3. Bb5 a6 4. Ba4 Nf6 5. d3 d6 6. c3 g6
7. Bg5 Bg7 8. Nbd2 h6 9. Bh4 O-O 10. O-O Ne7 11. d4 exd4
12. cxd4 d5 13. e5 Nh7 14. Bc2 g5 15. Bg3 Bf5 16. Rc1 Rc8
17. Re1 Qd7 18. Nf1 Bxc2 19. Qxc2 Nf5 20. Ne3 Nxe3 21. Rxe3
Rfe8 22. Rce1 Nf8 23. h4 Qg4 24. hxg5 hxg5 25. Qb3 c5 26. Qxd5
Ne6 27. Re4 Qf5 28. Qxb7 cxd4 29. Nxd4 Nxd4 30. Rxd4 Bxe5
31. Rde4 Rc5 32. Bxe5 Rb5 33. Qc7 1-0